A + Plus: Small Competition & Project, Vol.1 (Record no. 11946)

000 -LEADER
fixed length control field 00298 a2200133 4500
003 - CONTROL NUMBER IDENTIFIER
control field OSt
008 - FIXED-LENGTH DATA ELEMENTS--GENERAL INFORMATION
fixed length control field 240110b ||||| |||| 00| 0 eng d
020 ## - INTERNATIONAL STANDARD BOOK NUMBER
International Standard Book Number 295100311
082 ## - DEWEY DECIMAL CLASSIFICATION NUMBER
Classification number 720
100 ## - MAIN ENTRY--PERSONAL NAME
Personal name Lee
245 ## - TITLE STATEMENT
Title A + Plus: Small Competition & Project, Vol.1
260 ## - PUBLICATION, DISTRIBUTION, ETC. (IMPRINT)
Name of publisher, distributor, etc K-on Book
942 ## - ADDED ENTRY ELEMENTS (KOHA)
Source of classification or shelving scheme
Holdings
Withdrawn status Lost status Source of classification or shelving scheme Damaged status Koha normalized classification for sorting Not for loan Permanent location Current location Date acquired Source of acquisition Cost, normal purchase price Full call number Barcode Date last seen Cost, replacement price Price effective from Koha item type
        720_000000000000000   BMS College of Architecture, Design and Planning BMS College of Architecture, Design and Planning 2024-01-10 10 4369.05 720 AR-UG3285 2024-01-10 6241.50 2024-01-10 UG Books
Copyright © 2025, The Librarian, Library and Information Centre, BMSCA D&P, Bengaluru. All Rights Reserved
web counter

Powered by Koha